Spell the Marvel Hero #125 - Statistics

General Stats
  • This quiz has been taken 12 times
  • The average score is 7 of 10
Answer Stats
Picture Answer % Correct
Angel
92%
Okoye
92%
Spider-Man India
75%
Superior Octopus
75%
Deathlok
67%
Mirage (Dani Moonstar)
58%
Namorita
58%
Red Wolf
58%
Swordsman
50%
White Fox
42%
No matching quizzes found
Score Distribution
Percent of People with Each Score
Percentile by Number Answered
Your Score History
You have not taken this quiz